The epistles of Paul to the Ephesians: (Record no. 15756)

000 -LEADER
fixed length control field 00700nam a2200193 a 4500
001 - CONTROL NUMBER
control field :::00015675$&:&@@
003 - CONTROL NUMBER IDENTIFIER
control field OkBaRHE
005 - DATE AND TIME OF LATEST TRANSACTION
control field 20100325153854.0
008 - FIXED-LENGTH DATA ELEMENTS--GENERAL INFORMATION
fixed length control field s1981 j 000 0 eng u
040 ## - CATALOGING SOURCE
Transcribing agency
100 1# - MAIN ENTRY--PERSONAL NAME
Personal name Foulkes, Francis.
245 14 - TITLE STATEMENT
Title The epistles of Paul to the Ephesians:
Remainder of title an introduction and commentary.
260 ## - PUBLICATION, DISTRIBUTION, ETC. (IMPRINT)
Place of publication, distribution, etc Grand Rapids, MI., :
Name of publisher, distributor, etc Wm. B. Eerdmans Publishing Company
Date of publication, distribution, etc 1981
300 ## - PHYSICAL DESCRIPTION
Extent 182 p. ;
Dimensions : 20 cm.
490 0# - SERIES STATEMENT
Series statement The Tyndale New Testament commentaries, v. 10.
650 ## - SUBJECT ADDED ENTRY--TOPICAL TERM
Topical term or geographic name as entry element Bible New Testament Ephesians
General subdivision Commentaries
942 ## - ADDED ENTRY ELEMENTS (KOHA)
Source of classification or shelving scheme
Koha item type Books
Copies
Date acquired Koha item type Not for loan Damaged status Permanent Location Withdrawn status Source of classification or shelving scheme Barcode Lost status Shelving location Copy number Date last seen Full call number Price effective from
2010-04-14Books  RHEMA Bible Training College  15675 General Stacks12018-04-03BS 2695.3 .F662010-04-14